[Event "FRA-ch Blitz Online Qual"]
[White "Mathieu, Phileas"]
[Black "Barraud, Mickael"]
[Site "Europe Echecs INT"]
[Round "5"]
[Result "1-0"]
[Date "2020.05.16"]
[WhiteElo "2214"]
[BlackElo "1733"]
[PlyCount "101"]
[EventDate "2020.05.16"]
[EventType "swiss (blitz)"]
[EventRounds "15"]
[EventCountry "FRA"]
[SourceTitle "CBM 196 Extra"]
[Source "ChessBase"]
[SourceDate "2020.07.31"]
[SourceVersion "1"]
[SourceVersionDate "2020.07.31"]
[SourceQuality "1"]

1. e4 e6 2. d3 d5 3. Qe2 dxe4 4. dxe4 Nc6 5. Nf3 Bc5 6. g3 Bb4+ 7. c3 Bc5 8. Bg2 Nf6 9. 0-0 0-0 10. Bg5 h6 11. Be3 Bxe3 12. Qxe3 e5 13. Na3 Be6 14. Rfd1 Qe7 15. Nc2 Rad8 16. b3 Rxd1+ 17. Rxd1 Rd8 18. Rxd8+ Qxd8 19. Nd2 b6 20. Bf1 Ng4 21. Qe1 h5 22. Bb5 Ne7 23. f3 Nf6 24. Qe2 c6 25. Bd3 Nd7 26. Bc4 Bxc4 27. Nxc4 Nc5 28. Nxe5 Qd6 29. Nc4 Qd3 30. Kf2 f6 31. Qxd3 Nxd3+ 32. Ke3 Nc1 33. Nd4 Nxa2 34. Kd2 b5 35. Na5 b4 36. c4 c5 37. Nb5 Nc3 38. Nxc3 bxc3+ 39. Kxc3 f5 40. Kd3 Kf7 41. Nb7 Nc6 42. Nxc5 Ne5+ 43. Ke3 fxe4 44. Kxe4 Nc6 45. Nd3 a5 46. Ne5+ Nxe5 47. Kxe5 g5 48. Kf5 h4 49. Kxg5 hxg3 50. hxg3 a4 51. bxa4 1-0

[Event "FRA-ch Blitz Online Qual"]
[White "Ogier, Daniil"]
[Black "Barraud, Mickael"]
[Site "Europe Echecs INT"]
[Round "3"]
[Result "0-1"]
[Date "2020.05.16"]
[WhiteElo "1059"]
[BlackElo "1733"]
[PlyCount "108"]
[EventDate "2020.05.16"]
[EventType "swiss (blitz)"]
[EventRounds "15"]
[EventCountry "FRA"]
[SourceTitle "CBM 196 Extra"]
[Source "ChessBase"]
[SourceDate "2020.07.31"]
[SourceVersion "1"]
[SourceVersionDate "2020.07.31"]
[SourceQuality "1"]

1. e4 e6 2. d4 d5 3. e5 c5 4. c3 Qb6 5. Nf3 Nc6 6. Bd3 Bd7 7. 0-0 cxd4 8. cxd4 Rc8 9. Nc3 Nge7 10. Nb5 Ng6 11. Bg5 a6 12. Nc3 Nxd4 13. Nxd4 Qxd4 14. Bxg6 Qxd1 15. Bxf7+ Kxf7 16. Raxd1 Bb4 17. Rc1 h6 18. Bh4 g5 19. Bg3 h5 20. h4 g4 21. a3 Bxc3 22. bxc3 Rc4 23. f4 Rhc8 24. Be1 Ra4 25. Ra1 Rcc4 26. g3 Re4 27. Rb1 b5 28. Ra1 Re2 29. Rf2 Rae4 30. Rxe2 Rxe2 31. Kf1 Re3 32. Kf2 Rf3+ 33. Ke2 Kg6 34. a4 bxa4 35. Kd2 Kf5 36. Ke2 Bb5+ 37. Kd2 Ke4 38. Kc2 Re3 39. Bf2 Re2+ 40. Kd1 Rxf2 41. Ke1 Rf1+ 42. Kd2 Rxa1 43. Kc2 Bc4 44. f5 Kxe5 45. f6 Kxf6 46. Kb2 Ra2+ 47. Kb1 Rg2 48. Kc1 a3 49. Kb1 a2+ 50. Ka1 Rxg3 51. Kb2 Rg1 52. Kc2 a1Q 53. Kd2 Rg3 54. Kc2 Rg2# 0-1

[Event "Ambes op 3rd"]
[White "Boutant, Jade"]
[Black "Barraud, Mickael"]
[Site "Ambes"]
[Round "4"]
[Result "0-1"]
[Date "2010.04.27"]
[WhiteElo "1666"]
[BlackElo "1881"]
[PlyCount "54"]
[EventDate "2010.04.24"]
[EventType "swiss"]
[EventRounds "9"]
[EventCountry "FRA"]
[SourceTitle "EXT 2011"]
[Source "ChessBase"]
[SourceDate "2010.11.26"]
[SourceVersion "1"]
[SourceVersionDate "2010.11.26"]
[SourceQuality "1"]

1. c4 Nf6 2. Nc3 b6 3. Nf3 Bb7 4. e3 e6 5. b3 g6 6. Bb2 Bg7 7. Qc2 d6 8. Be2 Nbd7 9. d4 0-0 10. 0-0 a6 11. a4 c5 12. Rfd1 Qe7 13. a5 bxa5 14. Rxa5 Qd8 15. Raa1 Qc7 16. Nd2 Rfc8 17. Na4 Rab8 18. Ra3 h5 19. dxc5 dxc5 20. Bf3 Ne5 21. Bxb7 Rxb7 22. f3 Neg4 23. fxg4 Nxg4 24. Nf3 Bh6 25. Bc1 Qe5 26. Qe2 Rcb8 27. Bb2 Bxe3+ 0-1

[Event "Ambes op 2nd"]
[White "Le Hetet, Nicolas"]
[Black "Barraud, Mickael"]
[Site "Ambes"]
[Round "8"]
[Result "0-1"]
[Date "2009.04.18"]
[WhiteElo "2090"]
[BlackElo "1862"]
[PlyCount "96"]
[EventDate "2009.04.11"]
[EventType "swiss"]
[EventRounds "9"]
[EventCountry "FRA"]
[SourceTitle "EXT 2012"]
[Source "ChessBase"]
[SourceDate "2011.11.24"]
[SourceVersion "1"]
[SourceVersionDate "2011.11.24"]
[SourceQuality "1"]

1. e4 e6 2. d4 d5 3. Nc3 Nf6 4. Bg5 Be7 5. e5 Nfd7 6. Bxe7 Qxe7 7. Nb5 Nb6 8. c3 a6 9. Na3 N8d7 10. f4 f6 11. Nf3 Nf8 12. Bd3 Bd7 13. 0-0 f5 14. Nc2 Bb5 15. Nb4 Bxd3 16. Nxd3 Nfd7 17. a4 h6 18. a5 Nc8 19. Qc1 Na7 20. Qe3 Rf8 21. b3 g5 22. c4 g4 23. Nd2 c6 24. Rfc1 Qd8 25. Qf2 h5 26. Nf1 h4 27. Qe1 h3 28. g3 Kf7 29. Ne3 Re8 30. Ra2 Rc8 31. Qb4 Rb8 32. Rac2 Qe7 33. Qe1 Rec8 34. Qe2 Rg8 35. Re1 Rg6 36. cxd5 cxd5 37. Rc7 Nb5 38. Rxd7 Qxd7 39. Nc5 Qc6 40. Qd3 Kg7 41. b4 Nc7 42. Rc1 Qb5 43. Nxf5+ exf5 44. Qxf5 Qe2 45. Qc2 Qxc2 46. Rxc2 Nb5 47. f5 Nxd4 48. f6+ Kf7 0-1

[Event "Ambes op 2nd"]
[White "Barraud, Mickael"]
[Black "Videnova, Iva"]
[Site "Ambes"]
[Round "5"]
[Result "1/2-1/2"]
[Date "2009.04.15"]
[WhiteElo "1862"]
[BlackElo "2160"]
[PlyCount "72"]
[EventDate "2009.04.11"]
[EventType "swiss"]
[EventRounds "9"]
[EventCountry "FRA"]
[SourceTitle "EXT 2012"]
[Source "ChessBase"]
[SourceDate "2011.11.24"]
[SourceVersion "1"]
[SourceVersionDate "2011.11.24"]
[SourceQuality "1"]

1. e4 c5 2. Nc3 Nc6 3. g3 g6 4. Bg2 Bg7 5. d3 d6 6. f4 e5 7. Nh3 Nge7 8. 0-0 h5 9. Nf2 h4 10. g4 exf4 11. Bxf4 Nd4 12. Rb1 Ne6 13. Bd2 0-0 14. Qc1 Nc6 15. Nd5 Ned4 16. Qd1 Ne5 17. c3 Ne6 18. Be3 b6 19. b4 Kh7 20. Nh3 f6 21. Nhf4 Nxf4 22. Nxf4 Bxg4 23. Qd2 g5 24. Nd5 Rc8 25. bxc5 dxc5 26. a4 Nc6 27. Rf2 Ne7 28. c4 Nxd5 29. cxd5 Bd7 30. Rbf1 g4 31. e5 fxe5 32. Be4+ Kg8 33. Rxf8+ Bxf8 34. Bg5 Be7 35. Bh6 Qe8 36. d6 Bc6 1/2-1/2

[Event "Creon op 13th"]
[White "Soissong, Elzbieta"]
[Black "Barraud, Mickael"]
[Site "Creon"]
[Round "7"]
[Result "0-1"]
[Date "2008.08.01"]
[WhiteElo "1709"]
[BlackElo "1803"]
[PlyCount "83"]
[EventDate "2008.07.28"]
[EventType "swiss"]
[EventRounds "9"]
[EventCountry "FRA"]
[SourceTitle "CBM 125 Extra"]
[Source "ChessBase"]
[SourceDate "2008.09.01"]
[SourceVersion "1"]
[SourceVersionDate "2008.09.01"]
[SourceQuality "1"]

1. d4 e6 2. Nf3 Nf6 3. Nbd2 c5 4. c3 Nc6 5. e4 d5 6. e5 Nd7 7. Bd3 Qb6 8. Qa4 Be7 9. 0-0 0-0 10. Re1 f6 11. Bb1 cxd4 12. cxd4 fxe5 13. Nf1 e4 14. Qc2 Nxd4 15. Nxd4 Qxd4 16. Be3 Qb4 17. Rd1 Bc5 18. a3 Qb6 19. b4 Bxe3 20. Nxe3 Nf6 21. Ba2 Bd7 22. Qd2 Bc6 23. Rac1 Rac8 24. Rc5 Ba4 25. Rdc1 Rxc5 26. bxc5 Qc6 27. g4 Qe8 28. h3 Bc6 29. Nc2 Nd7 30. Qa5 Qf7 31. Rf1 Qf3 32. Kh2 Rf6 33. Nd4 Qf4+ 34. Kg2 e3 35. Qd8+ Nf8 36. Qxf8+ Kxf8 37. Nxe6+ Rxe6 38. fxe3 Qxf1+ 39. Kxf1 Rxe3 40. h4 Rxa3 41. Bxd5 Bxd5 42. Ke2 0-1

[Event "Mont de Marsan op 6th"]
[White "Barraud, Mickael"]
[Black "Eymard, Nicolas"]
[Site "Mont de Marsan"]
[Round "9"]
[Result "1-0"]
[Date "2006.12.30"]
[WhiteElo "1830"]
[BlackElo "1470"]
[PlyCount "60"]
[EventDate "2006.12.26"]
[EventType "swiss"]
[EventRounds "9"]
[EventCountry "FRA"]
[SourceTitle "CBM 116 Extra"]
[Source "ChessBase"]
[SourceDate "2007.03.07"]
[SourceVersion "1"]
[SourceVersionDate "2007.03.07"]
[SourceQuality "1"]

1. e4 c5 2. Nc3 d6 3. g3 Nf6 4. Bg2 e6 5. d3 Be7 6. Bd2 a6 7. f4 Nc6 8. Nf3 Qc7 9. a3 Bd7 10. Qe2 Rc8 11. 0-0 0-0 12. Rae1 Nd4 13. Qd1 b5 14. Ne2 Nxf3+ 15. Bxf3 Bc6 16. g4 Nd7 17. Ng3 Bh4 18. Re2 d5 19. Rg2 c4 20. Be3 Bxg3 21. hxg3 Qb7 22. e5 b4 23. axb4 Qxb4 24. c3 Qb5 25. d4 Nb6 26. Rh2 Rc7 27. Qc2 g6 28. f5 Re8 29. f6 Rb7 30. Rxh7 Kxh7 1-0

[Event "Mont de Marsan op 6th"]
[White "Barraud, Mickael"]
[Black "Gabard, Alexandre"]
[Site "Mont de Marsan"]
[Round "6"]
[Result "1/2-1/2"]
[Date "2006.12.28"]
[WhiteElo "1830"]
[BlackElo "2029"]
[PlyCount "173"]
[EventDate "2006.12.26"]
[EventType "swiss"]
[EventRounds "9"]
[EventCountry "FRA"]
[SourceTitle "CBM 116 Extra"]
[Source "ChessBase"]
[SourceDate "2007.03.07"]
[SourceVersion "1"]
[SourceVersionDate "2007.03.07"]
[SourceQuality "1"]

1. e4 e6 2. d4 d5 3. e5 c5 4. c3 Nc6 5. Nf3 Qb6 6. a3 Bd7 7. b4 cxb4 8. cxb4 Rc8 9. Bb2 f6 10. Bd3 fxe5 11. Nxe5 Nxe5 12. dxe5 Nh6 13. Qh5+ Nf7 14. 0-0 g6 15. Qe2 Bg7 16. Nd2 0-0 17. Nf3 Qc7 18. Rac1 Qb8 19. Bd4 b6 20. Rc2 Rxc2 21. Bxc2 Rc8 22. Bb3 Nd8 23. Bb2 Nc6 24. Rc1 b5 25. Qe3 a5 26. Qd2 Nxe5 27. Rxc8+ Bxc8 28. Nxe5 Bxe5 29. h3 Bxb2 30. Qxb2 axb4 31. axb4 Qd6 32. Qc3 Bb7 33. Kf1 Qc6 34. Qe3 Qd6 35. f4 Kf7 36. Qd4 Qa6 37. Qe5 Qc6 38. g4 h5 39. gxh5 gxh5 40. Qxh5+ Ke7 41. Qg5+ Kd7 42. Qg7+ Kc8 43. Ke2 Qd6 44. Qh8+ Kd7 45. Qd4 Qe7 46. Kd2 Qf7 47. Kc3 Qf5 48. Qe3 Qf6+ 49. Qd4 Qf5 50. Qe3 Qf6+ 51. Qe5 Qg6 52. Qg5 Qe4 53. Qg3 Qf5 54. Qe3 Qf6+ 55. Qe5 Qg6 56. Kd4 Qg1+ 57. Qe3 Qg7+ 58. Kc5 Qf8+ 59. Kb6 Qc8 60. Qc5 Bc6 61. Ka5 Qa8+ 62. Kb6 Qb8+ 63. Ka5 Qxf4 64. Qa7+ Qc7+ 65. Qb6 Kd6 66. h4 Qxb6+ 67. Kxb6 Be8 68. Bd1 d4 69. h5 Kd5 70. h6 Bg6 71. Kxb5 d3 72. Ka6 e5 73. b5 e4 74. b6 e3 75. Bb3+ Kd4 76. b7 e2 77. b8Q e1Q 78. Qb6+ Kc3 79. Qa5+ Kxb3 80. Qxe1 Kc2 81. Kb5 d2 82. Qe2 Bd3+ 83. Qxd3+ Kxd3 84. h7 d1Q 85. h8Q Qb3+ 86. Kc5 Qc4+ 87. Kd6 1/2-1/2

[Event "Mont de Marsan op 6th"]
[White "Riballet, Jean Paul"]
[Black "Barraud, Mickael"]
[Site "Mont de Marsan"]
[Round "3"]
[Result "0-1"]
[Date "2006.12.27"]
[WhiteElo "1400"]
[BlackElo "1830"]
[PlyCount "96"]
[EventDate "2006.12.26"]
[EventType "swiss"]
[EventRounds "9"]
[EventCountry "FRA"]
[SourceTitle "CBM 116 Extra"]
[Source "ChessBase"]
[SourceDate "2007.03.07"]
[SourceVersion "1"]
[SourceVersionDate "2007.03.07"]
[SourceQuality "1"]

1. e4 e6 2. d4 d5 3. e5 c5 4. c3 Nc6 5. Nf3 Qb6 6. Nbd2 cxd4 7. Nxd4 Nxd4 8. cxd4 Qxd4 9. Bb5+ Bd7 10. Bxd7+ Kxd7 11. 0-0 Ne7 12. Qe2 Nc6 13. Nf3 Qb6 14. Be3 Bc5 15. Bxc5 Qxc5 16. Rfd1 Rac8 17. Rac1 Qb6 18. Qe4 Na5 19. Qa4+ Rc6 20. Nd4 Rhc8 21. b4 Kd8 22. Nxc6+ Nxc6 23. b5 Nxe5 24. Qh4+ Kd7 25. Rxc8 Kxc8 26. Qxh7 Qc5 27. h3 d4 28. Qxg7 d3 29. Qh8+ Kc7 30. a4 Qd5 31. Rc1+ Kb6 32. Rd1 Qd4 33. Qf6 d2 34. Kh2 Qd6 35. Kg1 Qd5 36. Qf4 Nc4 37. h4 Qd3 38. Qg4 Nb2 39. a5+ Kxa5 40. Ra1+ Kb6 41. Rd1 Nxd1 42. Qxd1 Qc3 43. Kh2 Qc1 44. Qf3 d1Q 45. Qxf7 Qh1+ 46. Kg3 Qc3+ 47. f3 Qce1+ 48. Kf4 Qhxh4+ 0-1

[Event "FRA-ch U20"]
[White "Perez, Flavio"]
[Black "Barraud, Mickael"]
[Site "Aix les Bains"]
[Round "1"]
[Result "1-0"]
[Date "2006.04.??"]
[WhiteElo "2230"]
[BlackElo "1890"]
[PlyCount "197"]
[EventDate "2006.04.??"]
[EventType "swiss"]
[EventRounds "8"]
[EventCountry "FRA"]
[SourceTitle "EXT 2007"]
[Source "ChessBase"]
[SourceDate "2006.11.23"]
[SourceVersion "1"]
[SourceVersionDate "2006.11.23"]
[SourceQuality "1"]

1. e4 e6 2. Nf3 d5 3. e5 c5 4. b4 cxb4 5. d4 Nc6 6. a3 Nge7 7. axb4 Nxb4 8. c3 Nbc6 9. Ba3 Ng6 10. Bxf8 Nxf8 11. Bd3 Bd7 12. h4 Ng6 13. g3 Qc7 14. Qc2 a6 15. 0-0 Rc8 16. Rc1 Na5 17. Nbd2 Bc6 18. Ng5 Nc4 19. Bxc4 dxc4 20. Nxc4 0-0 21. Nd6 Rcd8 22. h5 h6 23. Ngxf7 Rxf7 24. Qxg6 Rxd6 25. exd6 Qxd6 26. Ra5 b5 27. Rxa6 Qd5 28. Rxc6 Qxc6 29. Qg4 Rf3 30. Re1 Rxc3 31. Qxe6+ Qxe6 32. Rxe6 Rd3 33. Rb6 Rxd4 34. Rxb5 Kf7 35. Kg2 Kf6 36. Kh3 Re4 37. f4 Re1 38. Rb6+ Kf5 39. Rg6 Re7 40. Kg2 Ke4 41. Ra6 Rd7 42. Kh3 Kf5 43. Ra5+ Kf6 44. Kg4 Rd6 45. Ra3 Rc6 46. Kf3 Re6 47. Ra5 Re1 48. Ra6+ Kf7 49. Kg4 Rc1 50. Ra5 Rg1 51. Kf3 Kf6 52. Ra6+ Kf7 53. Ra7+ Kf6 54. Kg4 Rg2 55. Ra6+ Kf7 56. Rg6 Rb2 57. Rd6 Rb3 58. Kh4 Rb2 59. Rd5 Kf6 60. Re5 Rb4 61. Kg4 Rc4 62. Kf3 Ra4 63. Re3 Rb4 64. Rd3 Ke6 65. g4 Rb5 66. Ke4 Rb4+ 67. Ke3 Rb5 68. Ra3 Rb4 69. Ra6+ Kf7 70. Rd6 Ra4 71. Rd4 Ra1 72. Rd6 Re1+ 73. Kd4 Rg1 74. Rg6 Re1 75. Kd5 Re2 76. Rc6 Re3 77. Rc7+ Kf6 78. Rc6+ Kf7 79. Rc4 Re7 80. Re4 Rd7+ 81. Ke5 Ra7 82. Kf5 Rc7 83. Re5 Rc1 84. Rb5 Rc7 85. Ra5 Rb7 86. Ke5 Re7+ 87. Kf5 Rb7 88. Rc5 Ra7 89. Rb5 Rc7 90. g5 hxg5 91. fxg5 g6+ 92. hxg6+ Kg7 93. Ra5 Rb7 94. Re5 Rc7 95. Ra5 Rb7 96. Ra6 Rb5+ 97. Kg4 Rb4+ 98. Kh5 Rb7 99. Rf6 1-0

[Event "Mont de Marsan op"]
[White "Lefebvre, Jeremie"]
[Black "Barraud, Mickael"]
[Site "Mont de Marsan"]
[Round "5"]
[Result "1-0"]
[Date "2005.12.28"]
[WhiteElo "1907"]
[BlackElo "1700"]
[PlyCount "109"]
[EventDate "2005.12.26"]
[EventType "swiss"]
[EventRounds "7"]
[EventCountry "FRA"]
[SourceTitle "CBM 110 Extra"]
[Source "ChessBase"]
[SourceDate "2006.03.10"]
[SourceVersion "2"]
[SourceVersionDate "2006.03.10"]
[SourceQuality "1"]

1. d4 Nf6 2. Bg5 d6 3. Nc3 Nbd7 4. Nf3 g6 5. e4 Bg7 6. Qd2 c5 7. h3 cxd4 8. Nxd4 Nc5 9. f3 Qb6 10. 0-0-0 Bd7 11. Bxf6 Bxf6 12. Nd5 Qd8 13. Nxf6+ exf6 14. Nb5 Bxb5 15. Bxb5+ Ke7 16. Rhe1 Qb6 17. Bc4 Rac8 18. Qd5 Rhf8 19. Re2 Na4 20. Bb3 Nc5 21. Red2 Nxb3+ 22. Qxb3 Qxb3 23. axb3 Rc6 24. g4 Rfc8 25. c3 b5 26. Rd5 a6 27. R1d3 R8c7 28. Kd2 Rd7 29. h4 h6 30. Ke3 g5 31. Rf5 Rc5 32. Rdd5 Rdc7 33. hxg5 fxg5 34. b4 Rxd5 35. Rxd5 Ke6 36. f4 f6 37. Rd1 Rd7 38. f5+ Kf7 39. Kd4 Rd8 40. Kd5 Re8 41. Ra1 Ra8 42. Kxd6 Kg7 43. Kc7 Re8 44. Re1 a5 45. bxa5 b4 46. cxb4 Re7+ 47. Kc6 h5 48. gxh5 Kf7 49. b5 g4 50. b6 g3 51. b7 Re8 52. a6 g2 53. Rg1 Kg7 54. a7 Rxe4 55. b8Q 1-0